Geology and ore deposits of the Elk City, Orogrande, Buffalo Hump, (Record no. 27090)

MARC details
000 -LEADER
fixed length control field 00796cam a22002531 4500
001 - CONTROL NUMBER
control field gs 34000100
003 - CONTROL NUMBER IDENTIFIER
control field DLC
005 - DATE AND TIME OF LATEST TRANSACTION
control field 20260227111338.0
008 - FIXED-LENGTH DATA ELEMENTS--GENERAL INFORMATION
fixed length control field 821229s1934 dcuabe 000 0 eng
010 ## - LIBRARY OF CONGRESS CONTROL NUMBER
LC control number gs 34000100
035 ## - SYSTEM CONTROL NUMBER
System control number (OCoLC)29098716
040 ## - CATALOGING SOURCE
Original cataloging agency DLC
Transcribing agency MnU
Modifying agency DLC
042 ## - AUTHENTICATION CODE
Authentication code premarc
043 ## - GEOGRAPHIC AREA CODE
Geographic area code n-us-id
050 00 - LIBRARY OF CONGRESS CALL NUMBER
Classification number QE75
Item number .C5 no. 9
051 ## - LIBRARY OF CONGRESS COPY, ISSUE, OFFPRINT STATEMENT
Classification number TN413.I2
Item number S45
Copy information Copy 2.
100 1# - MAIN ENTRY--PERSONAL NAME
Personal name Shenon, Philip John,
Dates associated with a name 1897-
245 00 - TITLE STATEMENT
Title Geology and ore deposits of the Elk City, Orogrande, Buffalo Hump,
260 ## - PUBLICATION, DISTRIBUTION, ETC.
Place of publication, distribution, etc. Washington,
Date of publication, distribution, etc. 1934.
300 ## - PHYSICAL DESCRIPTION
Extent 1 p.l., iv, 89 numb. l.
Other physical details incl. illus., maps. plans. pl. (fold. map)
Dimensions 27 cm.
650 #0 - SUBJECT ADDED ENTRY--TOPICAL TERM
Topical term or geographic name entry element Geology
Geographic subdivision Idaho
-- Idaho County.
650 #0 - SUBJECT ADDED ENTRY--TOPICAL TERM
Topical term or geographic name entry element Ore deposits
Geographic subdivision Idaho
-- Idaho County.
700 1# - ADDED ENTRY--PERSONAL NAME
Personal name Reed, John Calvin,
Dates associated with a name 1905-
Relator term joint author.

No items available.

Powered by Koha